<?xml version="1.0" encoding="UTF-8"?>
<record
    xmlns:xsi="http://www.w3.org/2001/XMLSchema-instance"
    xsi:schemaLocation="http://www.loc.gov/MARC21/slim http://www.loc.gov/standards/marcxml/schema/MARC21slim.xsd"
    xmlns="http://www.loc.gov/MARC21/slim">

  <leader>02000nam0a2200385   4500</leader>
  <controlfield tag="001">RU\NLR\bibl\1392994</controlfield>
  <controlfield tag="005">20250615201551.0</controlfield>
  <datafield tag="010" ind1=" " ind2=" ">
    <subfield code="a">978-5-94274-060-3</subfield>
    <subfield code="9">80</subfield>
  </datafield>
  <datafield tag="021" ind1=" " ind2=" ">
    <subfield code="a">RU</subfield>
    <subfield code="b">2009-38202</subfield>
    <subfield code="9">2320</subfield>
  </datafield>
  <datafield tag="035" ind1=" " ind2=" ">
    <subfield code="a">(nilc)RSL-KNO-004327319</subfield>
  </datafield>
  <datafield tag="035" ind1=" " ind2=" ">
    <subfield code="a">(NLR Aleph) 001385026</subfield>
  </datafield>
  <datafield tag="090" ind1=" " ind2=" ">
    <subfield code="a">1126100</subfield>
    <subfield code="c">1126100</subfield>
  </datafield>
  <datafield tag="100" ind1=" " ind2=" ">
    <subfield code="a">20090515d2008    |||y0rusy50      ca</subfield>
  </datafield>
  <datafield tag="101" ind1="0" ind2=" ">
    <subfield code="a">rus</subfield>
  </datafield>
  <datafield tag="102" ind1=" " ind2=" ">
    <subfield code="a">RU</subfield>
  </datafield>
  <datafield tag="105" ind1=" " ind2=" ">
    <subfield code="a">a   |||||||||</subfield>
  </datafield>
  <datafield tag="200" ind1="1" ind2=" ">
    <subfield code="a">&#x418;&#x441;&#x441;&#x43B;&#x435;&#x434;&#x43E;&#x432;&#x430;&#x43D;&#x438;&#x435; &#x432;&#x43E;&#x437;&#x43C;&#x43E;&#x436;&#x43D;&#x43E;&#x441;&#x442;&#x435;&#x439; &#x43C;&#x43E;&#x434;&#x435;&#x440;&#x43D;&#x438;&#x437;&#x430;&#x446;&#x438;&#x438; &#x411;&#x41F;&#x421;&#x422; &#x432; &#x440;&#x430;&#x43C;&#x43A;&#x430;&#x445; &#x43F;&#x440;&#x43E;&#x433;&#x440;&#x430;&#x43C;&#x43C;&#x44B; &#x440;&#x435;&#x433;&#x438;&#x441;&#x442;&#x440;&#x430;&#x446;&#x438;&#x438; &#x43D;&#x435;&#x439;&#x442;&#x440;&#x438;&#x43D;&#x43D;&#x44B;&#x445; &#x432;&#x441;&#x43F;&#x44B;&#x448;&#x435;&#x43A; &#x43E;&#x442; &#x43A;&#x43E;&#x43B;&#x43B;&#x430;&#x43F;&#x441;&#x438;&#x440;&#x443;&#x44E;&#x449;&#x438;&#x445; &#x437;&#x432;&#x435;&#x437;&#x434;</subfield>
    <subfield code="f">&#x412;.&#x418;. &#x412;&#x43E;&#x43B;&#x447;&#x435;&#x43D;&#x43A;&#x43E;, &#x413;.&#x412;. &#x412;&#x43E;&#x43B;&#x447;&#x435;&#x43D;&#x43A;&#x43E;, &#x420;.&#x412;. &#x41D;&#x43E;&#x432;&#x43E;&#x441;&#x435;&#x43B;&#x44C;&#x446;&#x435;&#x432;&#x430;</subfield>
  </datafield>
  <datafield tag="210" ind1=" " ind2=" ">
    <subfield code="a">&#x41C;&#x43E;&#x441;&#x43A;&#x432;&#x430;</subfield>
    <subfield code="c">&#x418;&#x43D;&#x441;&#x442;&#x438;&#x442;&#x443;&#x442; &#x44F;&#x434;&#x435;&#x440;&#x43D;&#x44B;&#x445; &#x438;&#x441;&#x441;&#x43B;&#x435;&#x434;&#x43E;&#x432;&#x430;&#x43D;&#x438;&#x439; &#x420;&#x43E;&#x441;&#x441;&#x438;&#x439;&#x441;&#x43A;&#x43E;&#x439; &#x430;&#x43A;&#x430;&#x434;&#x435;&#x43C;&#x438;&#x438; &#x43D;&#x430;&#x443;&#x43A;</subfield>
    <subfield code="d">2008</subfield>
  </datafield>
  <datafield tag="215" ind1=" " ind2=" ">
    <subfield code="a">22, [1] &#x441;.</subfield>
    <subfield code="c">&#x438;&#x43B;.</subfield>
    <subfield code="d">29</subfield>
  </datafield>
  <datafield tag="225" ind1="1" ind2=" ">
    <subfield code="a">&#x41F;&#x440;&#x435;&#x43F;&#x440;&#x438;&#x43D;&#x442;</subfield>
    <subfield code="f">&#x418;&#x43D;-&#x442; &#x44F;&#x434;&#x435;&#x440;. &#x438;&#x441;&#x441;&#x43B;&#x435;&#x434;. &#x420;&#x43E;&#x441;. &#x430;&#x43A;&#x430;&#x434;. &#x43D;&#x430;&#x443;&#x43A;</subfield>
    <subfield code="v">&#x418;&#x42F;&#x418; &#x420;&#x410;&#x41D; - 1207/2008, &#x434;&#x435;&#x43A;&#x430;&#x431;&#x440;&#x44C; 2008</subfield>
  </datafield>
  <datafield tag="320" ind1=" " ind2=" ">
    <subfield code="a">&#x411;&#x438;&#x431;&#x43B;&#x438;&#x43E;&#x433;&#x440;.: &#x441;. 22-23 (10 &#x43D;&#x430;&#x437;&#x432;.)</subfield>
  </datafield>
  <datafield tag="606" ind1="1" ind2=" ">
    <subfield code="a">&#x421;&#x446;&#x438;&#x43D;&#x442;&#x438;&#x43B;&#x43B;&#x44F;&#x446;&#x438;&#x43E;&#x43D;&#x43D;&#x44B;&#x435; &#x442;&#x435;&#x43B;&#x435;&#x441;&#x43A;&#x43E;&#x43F;&#x44B; &#x43F;&#x43E;&#x434;&#x437;&#x435;&#x43C;&#x43D;&#x44B;&#x435;</subfield>
    <subfield code="9">2121049</subfield>
    <subfield code="3">RU\NLR\auth\661280789</subfield>
  </datafield>
  <datafield tag="610" ind1="2" ind2=" ">
    <subfield code="a">&#x424;&#x438;&#x437;&#x438;&#x43A;&#x43E;-&#x43C;&#x430;&#x442;&#x435;&#x43C;&#x430;&#x442;&#x438;&#x447;&#x435;&#x441;&#x43A;&#x438;&#x435; &#x43D;&#x430;&#x443;&#x43A;&#x438; -- &#x410;&#x441;&#x442;&#x440;&#x43E;&#x43D;&#x43E;&#x43C;&#x438;&#x44F; -- &#x422;&#x435;&#x43E;&#x440;&#x435;&#x442;&#x438;&#x447;&#x435;&#x441;&#x43A;&#x430;&#x44F; &#x430;&#x441;&#x442;&#x440;&#x43E;&#x444;&#x438;&#x437;&#x438;&#x43A;&#x430; -- &#x412;&#x43D;&#x443;&#x442;&#x440;&#x435;&#x43D;&#x43D;&#x435;&#x435; &#x441;&#x442;&#x440;&#x43E;&#x435;&#x43D;&#x438;&#x435; &#x437;&#x432;&#x435;&#x437;&#x434; -- &#x42F;&#x434;&#x435;&#x440;&#x43D;&#x44B;&#x435; &#x440;&#x435;&#x430;&#x43A;&#x446;&#x438;&#x438; &#x432; &#x437;&#x432;&#x435;&#x437;&#x434;&#x430;&#x445; -- &#x41C;&#x435;&#x442;&#x43E;&#x434;&#x44B; &#x438;&#x441;&#x441;&#x43B;&#x435;&#x434;&#x43E;&#x432;&#x430;&#x43D;&#x438;&#x44F;</subfield>
  </datafield>
  <datafield tag="610" ind1="2" ind2=" ">
    <subfield code="a">&#x43D;&#x435;&#x439;&#x442;&#x440;&#x438;&#x43D;&#x43D;&#x44B;&#x435; &#x432;&#x441;&#x43F;&#x44B;&#x448;&#x43A;&#x438; &#x43E;&#x442; &#x43A;&#x43E;&#x43B;&#x43B;&#x430;&#x43F;&#x441;&#x438;&#x440;&#x443;&#x44E;&#x449;&#x438;&#x445; &#x437;&#x432;&#x435;&#x437;&#x434;</subfield>
  </datafield>
  <datafield tag="686" ind1=" " ind2=" ">
    <subfield code="a">&#x412;632.4&#x441;1,09</subfield>
    <subfield code="2">rubbk</subfield>
  </datafield>
  <datafield tag="686" ind1=" " ind2=" ">
    <subfield code="a">&#x412;381.5</subfield>
  </datafield>
  <datafield tag="700" ind1=" " ind2="1">
    <subfield code="a">&#x412;&#x43E;&#x43B;&#x447;&#x435;&#x43D;&#x43A;&#x43E;</subfield>
    <subfield code="b">&#x412;. &#x418;.</subfield>
    <subfield code="4">070</subfield>
  </datafield>
  <datafield tag="701" ind1=" " ind2="1">
    <subfield code="a">&#x412;&#x43E;&#x43B;&#x447;&#x435;&#x43D;&#x43A;&#x43E;</subfield>
    <subfield code="b">&#x413;. &#x412;.</subfield>
    <subfield code="4">070</subfield>
  </datafield>
  <datafield tag="701" ind1=" " ind2="1">
    <subfield code="a">&#x41D;&#x43E;&#x432;&#x43E;&#x441;&#x435;&#x43B;&#x44C;&#x446;&#x435;&#x432;&#x430;</subfield>
    <subfield code="b">&#x420;. &#x412;.</subfield>
    <subfield code="4">070</subfield>
  </datafield>
  <datafield tag="801" ind1=" " ind2="0">
    <subfield code="a">RU</subfield>
    <subfield code="b">&#x420;&#x413;&#x411;</subfield>
    <subfield code="c">20090515</subfield>
    <subfield code="g">rcr</subfield>
  </datafield>
  <datafield tag="801" ind1=" " ind2="1">
    <subfield code="a">RU</subfield>
    <subfield code="b">&#x420;&#x413;&#x411;</subfield>
    <subfield code="c">20090515</subfield>
  </datafield>
  <datafield tag="801" ind1=" " ind2="2">
    <subfield code="a">RU</subfield>
    <subfield code="b">NLR</subfield>
    <subfield code="c">20090716</subfield>
    <subfield code="g">rcr</subfield>
  </datafield>
  <datafield tag="942" ind1=" " ind2=" ">
    <subfield code="c">BOOK</subfield>
  </datafield>
  <datafield tag="980" ind1=" " ind2=" ">
    <subfield code="a">NB</subfield>
  </datafield>
  <datafield tag="995" ind1=" " ind2=" ">
    <subfield code="5">2009-07-16</subfield>
    <subfield code="a">ad</subfield>
    <subfield code="b">NLR01</subfield>
    <subfield code="c">NLR01</subfield>
    <subfield code="e">RF9</subfield>
    <subfield code="f">2960702</subfield>
    <subfield code="k">2009-8/2133</subfield>
    <subfield code="o">0</subfield>
    <subfield code="r">BOOK</subfield>
    <subfield code="s">200982133_</subfield>
  </datafield>
  <datafield tag="995" ind1=" " ind2=" ">
    <subfield code="5">2009-07-16</subfield>
    <subfield code="a">ad</subfield>
    <subfield code="b">NLR01</subfield>
    <subfield code="c">NLR01</subfield>
    <subfield code="e">RF9</subfield>
    <subfield code="f">2960703</subfield>
    <subfield code="k">2009-8/2133</subfield>
    <subfield code="o">0</subfield>
    <subfield code="r">BOOK</subfield>
    <subfield code="s">200982133_</subfield>
  </datafield>
</record>
